| 000 | 00769cam a2200193 4500 | ||
|---|---|---|---|
| 001 | WB3631-04 | ||
| 008 | 000000n2000 000 0 eng u | ||
| 035 | _a(Sirsi) u107728 | ||
| 245 | _aCLG spots legal hitch | ||
| 260 | _c2000 | ||
| 490 |
_aBuilding Trade and Industry _v16(8) August 2000, 2(1) |
||
| 520 | _aThe Constructors Liason Group (CLG) reviews the effectiveness of the Housing Grants Construction and Regeneration Act 1996 which came into force in 1998. Claims that the Act is working well but is critical of how the legislation deals with payment issues. | ||
| 590 | _aWB | ||
| 650 | _aHOUSING GRANTS CONSTRUCTION AND REGENERATION ACT 1996 | ||
| 650 | _aPAYMENT | ||
| 650 | _aCONSTRUCTORS LIASON GROUP | ||
| 690 | _aBUILT ENVIRONMENT | ||
| 942 | _n0 | ||
| 999 |
_c64351 _d64351 |
||